[Event "Oberliga Sued W 1617"]
[Site "Germany"]
[Date "2017.02.19"]
[Round "7.8"]
[White "Preiss, Vincent"]
[Black "Keil, Andreas"]
[Result "0-1"]
[WhiteElo "1648"]
[BlackElo "2190"]
[PlyCount "106"]
[EventDate "2016.09.25"]
[EventType "team-tourn"]
[EventRounds "9"]
[EventCountry "GER"]
[SourceTitle "EXT 2018"]
[Source "ChessBase"]
[SourceDate "2017.10.13"]
[SourceVersion "1"]
[SourceVersionDate "2017.10.13"]
[SourceQuality "1"]
[WhiteTeam "Saarbruecken SVG"]
[BlackTeam "Saarbruecken Gambit"]
[WhiteTeamCountry "GER"]
[BlackTeamCountry "GER"]

1. e4 e5 2. Nf3 Nc6 3. Bc4 Be7 4. 0-0 Nf6 5. d3 0-0 6. c3 d6 7. Be3 Bg4 8. Nbd2 a6 9. a4 Qc8 10. b4 Be6 11. Qb3 Bxc4 12. Nxc4 Nd8 13. Bg5 Ne6 14. Bh4 Re8 15. Ne3 g6 16. Ng5 Nxe4 17. Nxe4 Bxh4 18. Nd5 Qd8 19. g3 Be7 20. f4 exf4 21. Nxf4 Nxf4 22. Rxf4 d5 23. Raf1 Rf8 24. Nf6+ Bxf6 25. Rxf6 Qd7 26. Qd1 Rae8 27. Qf3 Re6 28. h4 Rxf6 29. Qxf6 h5 30. a5 Re8 31. Kg2 Re6 32. Qf4 Re7 33. Rf2 Qe6 34. Qd4 Qe5 35. Qc5 c6 36. Qb6 Kg7 37. Rc2 Qe3 38. Qxe3 Rxe3 39. Rd2 f6 40. Kf2 Re7 41. Kf3 Kf7 42. Rf2 Re5 43. Re2 Rxe2 44. Kxe2 g5 45. Kf3 Ke6 46. Ke2 Kf5 47. Kf3 Kg6 48. Kf2 f5 49. Kf3 f4 50. gxf4 gxh4 51. Kg2 Kf5 52. Kf3 h3 53. Kg3 h2 0-1

[Event "Oberliga Sued W 1415"]
[Site "Germany"]
[Date "2015.04.12"]
[Round "9.8"]
[White "Preiss, Vincent"]
[Black "Hettergott, Thomas"]
[Result "0-1"]
[WhiteElo "1813"]
[BlackElo "2051"]
[PlyCount "51"]
[EventDate "2014.09.21"]
[EventType "team-tourn"]
[EventRounds "9"]
[EventCountry "GER"]
[SourceTitle "EXT 2019"]
[Source "ChessBase"]
[SourceDate "2018.10.10"]
[SourceVersion "1"]
[SourceVersionDate "2018.10.10"]
[SourceQuality "1"]
[WhiteTeam "Saarbruecken SVG"]
[BlackTeam "Heidesheim"]
[WhiteTeamCountry "GER"]
[BlackTeamCountry "GER"]

1. e4 d6 2. Nc3 Nf6 3. f4 c5 4. Nf3 Nc6 5. Bc4 e6 6. d3 Be7 7. 0-0 0-0 8. e5 Nd7 9. exd6 Bxd6 10. Ne4 Be7 11. Nfg5 Nf6 12. Nxf6+ Bxf6 13. Qh5 h6 14. Ne4 b6 15. Rf3 Nd4 16. Rg3 Nf5 17. Rh3 Bb7 18. Nxf6+ Qxf6 19. g3 b5 20. Bb3 c4 21. dxc4 bxc4 22. Ba4 Qd4+ 23. Kf1 c3 24. b3 Ba6+ 25. Kg2 Qe4+ 26. Kg1 0-1

[Event "GER-chT U20"]
[Site "Naumburg Saale"]
[Date "2014.12.27"]
[Round "1.1"]
[White "Preiss, Vincent"]
[Black "Hobusch, Jan"]
[Result "0-1"]
[WhiteElo "1844"]
[BlackElo "2173"]
[PlyCount "84"]
[EventDate "2014.12.27"]
[EventType "team-swiss"]
[EventRounds "7"]
[EventCountry "GER"]
[SourceTitle "EXT 2016"]
[Source "ChessBase"]
[SourceDate "2015.10.08"]
[SourceVersion "1"]
[SourceVersionDate "2015.10.08"]
[SourceQuality "1"]
[WhiteTeam "Saarbruecken"]
[BlackTeam "Solingen"]
[WhiteTeamCountry "GER"]
[BlackTeamCountry "GER"]

1. e4 c6 2. d4 d5 3. e5 c5 4. dxc5 e6 5. Be3 Nd7 6. Nf3 Bxc5 7. Bxc5 Nxc5 8. c3 Ne7 9. Bb5+ Bd7 10. Bxd7+ Qxd7 11. Qe2 0-0 12. 0-0 Rfc8 13. Na3 a6 14. Rfd1 b5 15. Rac1 Na4 16. h3 Rc7 17. Rd4 Qc8 18. Nb1 Rb8 19. Rcd1 Rc4 20. Na3 Rc7 21. Nb1 Nf5 22. R4d2 a5 23. Nd4 Nxd4 24. Rxd4 Rc4 25. Na3 Rxd4 26. cxd4 b4 27. Nb1 Qc6 28. b3 Nb6 29. a4 bxa3 30. Nxa3 Nc8 31. Qd2 Qb6 32. Rc1 h6 33. Qc3 Ne7 34. Qc5 Nf5 35. Qxb6 Rxb6 36. Nc2 Rc6 37. Kh2 Nxd4 38. Nxd4 Rxc1 39. Kg3 Rc3+ 40. f3 Rd3 41. Nc6 Rxb3 42. Nxa5 Rb5 0-1

[Event "Oberliga Sued W 1314"]
[Site "Germany"]
[Date "2013.11.24"]
[Round "3.8"]
[White "Preiss, Vincent"]
[Black "Simons, Joerg"]
[Result "1/2-1/2"]
[WhiteElo "1917"]
[BlackElo "2019"]
[PlyCount "52"]
[EventDate "2013.10.13"]
[EventType "team-tourn"]
[EventRounds "9"]
[EventCountry "GER"]
[SourceTitle "EXT 2015"]
[Source "ChessBase"]
[SourceDate "2014.11.20"]
[SourceVersion "1"]
[SourceVersionDate "2014.11.20"]
[SourceQuality "1"]
[WhiteTeam "Saarbruecken"]
[BlackTeam "Schwarzenbach II"]
[WhiteTeamCountry "GER"]
[BlackTeamCountry "GER"]

1. e4 c5 2. Nc3 Nc6 3. Bb5 e6 4. Bxc6 bxc6 5. d3 d5 6. f4 Nf6 7. Nf3 dxe4 8. Nxe4 Nxe4 9. dxe4 Qxd1+ 10. Kxd1 c4 11. Bd2 f6 12. Bc3 Bb7 13. Ke2 Bc5 14. Rad1 Ke7 15. g4 Rhd8 16. g5 Rxd1 17. Rxd1 Bb6 18. e5 f5 19. Nd4 Rd8 20. Rd2 a6 21. Nf3 c5 22. Ke3 Be4 23. Rd6 Rb8 24. Nd2 Bd5 25. Nf1 a5 26. Nd2 Bc7 1/2-1/2

[Event "Wiesbaden op 23rd"]
[Site "Wiesbaden"]
[Date "2011.08.25"]
[Round "1"]
[White "Preiss, Vincent"]
[Black "Rott, Georg"]
[Result "1/2-1/2"]
[WhiteElo "1869"]
[BlackElo "2223"]
[PlyCount "51"]
[EventDate "2011.08.25"]
[EventType "swiss"]
[EventRounds "7"]
[EventCountry "GER"]
[SourceTitle "CBM 144 Extra"]
[Source "ChessBase"]
[SourceDate "2011.10.28"]
[SourceVersion "1"]
[SourceVersionDate "2011.10.28"]
[SourceQuality "1"]

1. e4 e6 2. d4 d5 3. e5 c5 4. c3 Nc6 5. Nf3 Bd7 6. Bd3 Qb6 7. 0-0 cxd4 8. cxd4 Nxd4 9. Nbd2 Bb5 10. Bxb5+ Nxb5 11. Qa4 Qc6 12. Nb3 b6 13. Be3 Qd7 14. Bxb6 Rc8 15. Be3 Rc4 16. Qa6 Qc6 17. Qxc6+ Rxc6 18. Rac1 Kd7 19. Rxc6 Kxc6 20. Rc1+ Kd7 21. a4 Nc7 22. Bxa7 Na6 23. Nc5+ Nxc5 24. Bxc5 Ne7 25. Nd4 Ng6 26. Nf3 1/2-1/2

[Event "Saarland-ch A 85th"]
[Site "Homburg"]
[Date "2010.04.03"]
[Round "9"]
[White "Spindler, Jean Luc"]
[Black "Preiss, Vincent"]
[Result "0-1"]
[WhiteElo "1586"]
[BlackElo "1599"]
[PlyCount "30"]
[EventDate "2010.03.28"]
[EventType "swiss"]
[EventRounds "9"]
[EventCountry "GER"]
[SourceTitle "EXT 2011"]
[Source "ChessBase"]
[SourceDate "2010.11.26"]
[SourceVersion "1"]
[SourceVersionDate "2010.11.26"]
[SourceQuality "1"]

1. e4 c5 2. Nf3 e6 3. d4 cxd4 4. Nxd4 Nc6 5. Nc3 Qc7 6. Bb5 Nf6 7. 0-0 Bd6 8. f4 Nxd4 9. e5 Nxb5 10. exd6 Nxc3 11. bxc3 Qc5+ 12. Kh1 b6 13. Rf3 Bb7 14. Rg3 Ne4 15. Rf3 Nf2+ 0-1

[Event "Saarland-ch A 85th"]
[Site "Homburg"]
[Date "2010.04.01"]
[Round "7"]
[White "Preiss, Vincent"]
[Black "Stankowski, Yves"]
[Result "1-0"]
[WhiteElo "1599"]
[BlackElo "1634"]
[PlyCount "67"]
[EventDate "2010.03.28"]
[EventType "swiss"]
[EventRounds "9"]
[EventCountry "GER"]
[SourceTitle "EXT 2011"]
[Source "ChessBase"]
[SourceDate "2010.11.26"]
[SourceVersion "1"]
[SourceVersionDate "2010.11.26"]
[SourceQuality "1"]

1. e4 c5 2. Nf3 Nc6 3. d4 cxd4 4. Nxd4 g6 5. Nc3 Bg7 6. Be3 d6 7. Bc4 e6 8. Ndb5 Ke7 9. Qd2 a6 10. Nd4 Nf6 11. 0-0-0 Ne5 12. Bb3 b5 13. f4 Nc4 14. Bxc4 Nxe4 15. Nxe4 Bb7 16. Bd3 Rc8 17. Kb1 d5 18. Qb4+ Kd7 19. Qd6+ Ke8 20. Qxd8+ Rxd8 21. Nc5 Bc8 22. Rhe1 Rd6 23. g4 Kd8 24. Ndb3 Re8 25. Bd4 f6 26. h3 Re7 27. Bf2 Rc7 28. Bf1 Ke7 29. Bg2 Kf8 30. f5 gxf5 31. gxf5 e5 32. Rxd5 Rxd5 33. Bxd5 Bxf5 34. Ne6+ 1-0

[Event "Saarland-ch A 85th"]
[Site "Homburg"]
[Date "2010.03.28"]
[Round "3"]
[White "Preiss, Vincent"]
[Black "Pocivalnik, Axel"]
[Result "1-0"]
[WhiteElo "1599"]
[BlackElo "1687"]
[PlyCount "111"]
[EventDate "2010.03.28"]
[EventType "swiss"]
[EventRounds "9"]
[EventCountry "GER"]
[SourceTitle "EXT 2011"]
[Source "ChessBase"]
[SourceDate "2010.11.26"]
[SourceVersion "1"]
[SourceVersionDate "2010.11.26"]
[SourceQuality "1"]

1. e4 e5 2. f4 exf4 3. Nf3 Nf6 4. Nc3 c6 5. d4 Nh5 6. Bc4 g6 7. 0-0 d6 8. Ne2 Qb6 9. Nxf4 Nxf4 10. Bxf4 Be7 11. Ng5 f5 12. exf5 d5 13. Re1 Bxf5 14. Bd6 Kd7 15. Bxe7 dxc4 16. Bf6 Rf8 17. Qe2 Kc8 18. Qe7 Qd8 19. Qxd8+ Rxd8 20. Bxd8 Kxd8 21. Re2 Kc7 22. Rae1 Na6 23. c3 b5 24. Re7+ Kb6 25. Rxh7 c5 26. a3 cxd4 27. cxd4 Rd8 28. Nf3 b4 29. axb4 Nxb4 30. Rc1 Bd3 31. Re7 a6 32. Kf2 Kb5 33. Rb7+ Ka4 34. Rc3 Nc2 35. Ne1 Be4 36. Re7 Rxd4 37. Nxc2 Rd2+ 38. Ke3 Rxc2 39. Rxe4 Rxb2 40. Rcxc4+ Kb5 41. Kf3 a5 42. h4 Rb1 43. Kg4 Rb2 44. g3 Rb3 45. Rf4 Rd3 46. Rce4 Rd5 47. Rf8 Rc5 48. Rg8 Rc6 49. Kg5 Ra6 50. Rxg6 Ra8 51. Rd6 a4 52. Rd5+ Kc6 53. Rdd4 Kb5 54. Rxa4 Rg8+ 55. Kf4 Rf8+ 56. Ke3 1-0

[Event "Saarland-ch A"]
[Site "Schiffweiler"]
[Date "2009.04.09"]
[Round "7"]
[White "Weidinger, Dietmar"]
[Black "Preiss, Vincent"]
[Result "1/2-1/2"]
[WhiteElo "1721"]
[BlackElo "1464"]
[PlyCount "67"]
[EventDate "2009.04.03"]
[EventType "swiss"]
[EventRounds "9"]
[EventCountry "GER"]
[SourceTitle "EXT 2012"]
[Source "ChessBase"]
[SourceDate "2011.11.24"]
[SourceVersion "1"]
[SourceVersionDate "2011.11.24"]
[SourceQuality "1"]

1. d4 Nf6 2. c4 e6 3. Nc3 d5 4. Bg5 Nbd7 5. e3 c6 6. Bd3 Bd6 7. c5 Bc7 8. f4 b6 9. b4 a5 10. a3 Ba6 11. Nf3 Bxd3 12. Qxd3 axb4 13. cxb6 Bxb6 14. Nb1 c5 15. Qb5 c4 16. Ne5 bxa3 17. Rxa3 Rxa3 18. Nxa3 Bc7 19. 0-0 Bd6 20. Ra1 Bxa3 21. Rxa3 0-0 22. Ra7 Nb8 23. Qb7 Qe8 24. Ra8 Ne4 25. Be7 Qc8 26. Qxc8 Rxc8 27. Nd7 c3 28. Rxb8 Rxb8 29. Nxb8 c2 30. Ba3 Nc3 31. Kf2 Na2 32. Nd7 c1Q 33. Bxc1 Nxc1 34. Ne5 1/2-1/2

[Event "Saarland-ch A"]
[Site "Schiffweiler"]
[Date "2009.04.07"]
[Round "5"]
[White "Preiss, Vincent"]
[Black "Wagner, Horst"]
[Result "1/2-1/2"]
[WhiteElo "1464"]
[BlackElo "1721"]
[PlyCount "41"]
[EventDate "2009.04.03"]
[EventType "swiss"]
[EventRounds "9"]
[EventCountry "GER"]
[SourceTitle "EXT 2012"]
[Source "ChessBase"]
[SourceDate "2011.11.24"]
[SourceVersion "1"]
[SourceVersionDate "2011.11.24"]
[SourceQuality "1"]

1. d4 Nf6 2. Nf3 d5 3. c4 c6 4. Nc3 dxc4 5. e3 e6 6. Bxc4 Be7 7. e4 0-0 8. Be3 b5 9. Bd3 b4 10. Ne2 Ng4 11. Bf4 Ba6 12. Nc1 c5 13. Bxb8 Bxd3 14. Nxd3 Rxb8 15. Nxc5 Qa5 16. 0-0 Bxc5 17. dxc5 Qxc5 18. Qd4 Qxd4 19. Nxd4 Ne5 20. Rfd1 Rfc8 21. f4 1/2-1/2

[Event "Saarland-ch A"]
[Site "Schiffweiler"]
[Date "2009.04.04"]
[Round "2"]
[White "Preiss, Vincent"]
[Black "Rosenkranz, Christian"]
[Result "1/2-1/2"]
[WhiteElo "1464"]
[BlackElo "1706"]
[PlyCount "57"]
[EventDate "2009.04.03"]
[EventType "swiss"]
[EventRounds "9"]
[EventCountry "GER"]
[SourceTitle "EXT 2012"]
[Source "ChessBase"]
[SourceDate "2011.11.24"]
[SourceVersion "1"]
[SourceVersionDate "2011.11.24"]
[SourceQuality "1"]

1. d4 Nf6 2. c4 e6 3. Nf3 Bb4+ 4. Bd2 Qe7 5. Nc3 0-0 6. e3 d6 7. Qc2 e5 8. d5 Nbd7 9. a3 Bxc3 10. Bxc3 Nh5 11. Bd3 g6 12. Nd2 f5 13. f3 Nc5 14. 0-0-0 Nxd3+ 15. Qxd3 Bd7 16. Rdg1 Nf6 17. h3 Kf7 18. g4 Rg8 19. f4 Raf8 20. Nf3 Ne4 21. Rh2 Nxc3 22. Qxc3 e4 23. Nd4 c5 24. Ne2 b6 25. Rhg2 Qf6 26. g5 Qxc3+ 27. Nxc3 a6 28. a4 Rb8 29. b3 1/2-1/2

[Event "GER-ch U25 op"]
[Site "Willingen"]
[Date "2008.05.17"]
[Round "9"]
[White "Preiss, Vincent"]
[Black "Neumair, Dorian"]
[Result "1-0"]
[WhiteElo "1580"]
[BlackElo "1184"]
[PlyCount "87"]
[EventDate "2008.05.11"]
[EventType "swiss"]
[EventRounds "9"]
[EventCountry "GER"]
[SourceTitle "CBM 124 Extra"]
[Source "ChessBase"]
[SourceDate "2008.07.03"]
[SourceVersion "1"]
[SourceVersionDate "2008.07.03"]
[SourceQuality "1"]

1. d4 d5 2. c4 e6 3. Nc3 c6 4. Nf3 Bb4 5. Bd2 Nf6 6. e3 0-0 7. cxd5 cxd5 8. Bd3 a6 9. Qc2 Nc6 10. 0-0 Re8 11. e4 dxe4 12. Nxe4 Nxe4 13. Bxe4 Bxd2 14. Qxd2 Ne7 15. Rac1 Rb8 16. Rfe1 Bd7 17. Rc5 Ng6 18. Rh5 f5 19. Bd3 h6 20. g4 Qf6 21. g5 Qf8 22. gxh6 gxh6 23. Rxh6 Qg7 24. Kh1 Bc6 25. Be2 Rbd8 26. Rxg6 Qxg6 27. Rg1 Qxg1+ 28. Kxg1 Bxf3 29. Bxf3 b5 30. Qg5+ Kh7 31. Qh5+ Kg7 32. Qh4 Rg8 33. Qe7+ Kh6+ 34. Kf1 Rde8 35. Qf6+ Kh7 36. Bh5 Rc8 37. Qxe6 Rc1+ 38. Ke2 Rc2+ 39. Ke3 Rcc8 40. Qxf5+ Kh6 41. Bf7 Rcf8 42. Qh5+ Kg7 43. Qg6+ Kh8 44. Qh6# 1-0

[Event "GER-ch U25 op"]
[Site "Willingen"]
[Date "2008.05.16"]
[Round "8"]
[White "Fernschild, Daniel"]
[Black "Preiss, Vincent"]
[Result "1-0"]
[WhiteElo "1877"]
[BlackElo "1580"]
[PlyCount "37"]
[EventDate "2008.05.11"]
[EventType "swiss"]
[EventRounds "9"]
[EventCountry "GER"]
[SourceTitle "CBM 124 Extra"]
[Source "ChessBase"]
[SourceDate "2008.07.03"]
[SourceVersion "1"]
[SourceVersionDate "2008.07.03"]
[SourceQuality "1"]

1. d4 Nf6 2. Nf3 d5 3. e3 Bg4 4. c4 e6 5. Nc3 c6 6. Qb3 Qc7 7. Ne5 Bh5 8. Bd2 Nbd7 9. f4 Be7 10. Rc1 dxc4 11. Bxc4 Nb6 12. Bd3 Nbd5 13. 0-0 Rd8 14. Na4 Bd6 15. Nc5 Bxc5 16. Rxc5 Ne7 17. Rfc1 Nd7 18. Nxd7 Qxd7 19. Rxh5 1-0

[Event "GER-ch U25 op"]
[Site "Willingen"]
[Date "2008.05.15"]
[Round "7"]
[White "Preiss, Vincent"]
[Black "Biebinger, Eva"]
[Result "1-0"]
[WhiteElo "1580"]
[BlackElo "1429"]
[PlyCount "113"]
[EventDate "2008.05.11"]
[EventType "swiss"]
[EventRounds "9"]
[EventCountry "GER"]
[SourceTitle "CBM 124 Extra"]
[Source "ChessBase"]
[SourceDate "2008.07.03"]
[SourceVersion "1"]
[SourceVersionDate "2008.07.03"]
[SourceQuality "1"]

1. d4 Nf6 2. c4 d5 3. cxd5 Qxd5 4. Nc3 Qa5 5. Bd2 c6 6. e4 Qb6 7. Bc1 Bg4 8. f3 Bh5 9. Bc4 e6 10. Nge2 Nbd7 11. 0-0 e5 12. Kh1 exd4 13. Nxd4 Bc5 14. Na4 Qb4 15. Nxc5 Nxc5 16. Nf5 0-0 17. Be2 Rad8 18. Qc2 Ne6 19. Be3 a6 20. Rad1 Bg6 21. Nh4 Nd5 22. Bd2 Nd4 23. Bxb4 Nxc2 24. Bxf8 Nce3 25. exd5 Nxf1 26. Bxf1 Kxf8 27. Nxg6+ fxg6 28. d6 Kf7 29. Bc4+ Kf6 30. g3 b5 31. Bb3 c5 32. Kg2 h5 33. f4 c4 34. Bc2 g5 35. Be4 b4 36. fxg5+ Kxg5 37. Rd5+ Kf6 38. Kf3 Ke6 39. Rc5 Rxd6 40. Rxc4 Rd2 41. Rc2 Rd6 42. Rc6 Rxc6 43. Bxc6 Ke5 44. Ke3 g5 45. Be8 h4 46. gxh4 gxh4 47. Bg6 a5 48. a4 bxa3 49. bxa3 Kf6 50. Bc2 Ke5 51. Be4 h3 52. Bb7 Kd6 53. Bc8 Kc5 54. Kd3 Kb5 55. Kc3 Ka4 56. Kb2 Kb5 57. Bxh3 1-0

[Event "GER-ch U12"]
[Site "Willingen"]
[Date "2007.05.29"]
[Round "6"]
[White "Kaden, Romy"]
[Black "Preiss, Vincent"]
[Result "0-1"]
[WhiteElo "1272"]
[BlackElo "1452"]
[PlyCount "68"]
[EventDate "2007.05.26"]
[EventType "swiss"]
[EventRounds "11"]
[EventCountry "GER"]
[SourceTitle "CBM 118 Extra"]
[Source "ChessBase"]
[SourceDate "2007.07.04"]
[SourceVersion "1"]
[SourceVersionDate "2007.07.04"]
[SourceQuality "1"]

1. e4 e5 2. Nf3 Nc6 3. d4 exd4 4. Nxd4 Bc5 5. Be3 Bb6 6. Bc4 Nf6 7. Nxc6 bxc6 8. Nc3 Bb7 9. e5 Ng8 10. 0-0 Ne7 11. Qh5 0-0 12. Bd3 Ng6 13. Bd2 Re8 14. Rae1 Bd4 15. Bf4 Qe7 16. Re2 Qc5 17. Bg3 Bxe5 18. Rfe1 d6 19. Kh1 Red8 20. Na4 Qd4 21. Re4 Qd5 22. c4 Qxd3 23. f4 Bd4 24. f5 Ne5 25. f6 Ng6 26. Qg4 Bxf6 27. b3 Ne5 28. Qf5 c5 29. Rf4 Qxf5 30. Rxf5 Nd3 31. Re3 Nb4 32. Re2 Re8 33. Rff2 Nd3 34. Rxe8+ Rxe8 0-1

[Event "GER-ch U12"]
[Site "Willingen"]
[Date "2007.05.27"]
[Round "2"]
[White "Schmalhorst, Sophia"]
[Black "Preiss, Vincent"]
[Result "0-1"]
[WhiteElo "1109"]
[BlackElo "1452"]
[PlyCount "58"]
[EventDate "2007.05.26"]
[EventType "swiss"]
[EventRounds "11"]
[EventCountry "GER"]
[SourceTitle "CBM 118 Extra"]
[Source "ChessBase"]
[SourceDate "2007.07.04"]
[SourceVersion "1"]
[SourceVersionDate "2007.07.04"]
[SourceQuality "1"]

1. e4 e5 2. Nf3 Nc6 3. Bc4 Bc5 4. d3 Nge7 5. Nc3 d6 6. h3 0-0 7. Be3 Bb6 8. Qd2 Bxe3 9. fxe3 Na5 10. Bb3 Nxb3 11. axb3 f5 12. 0-0-0 a5 13. Rdf1 fxe4 14. Nxe4 a4 15. bxa4 Rxa4 16. Nc3 Ra1+ 17. Nb1 Be6 18. b3 Qa8 19. Qc3 Nc6 20. Kd2 b5 21. Ke2 b4 22. Qb2 Ra2 23. Qc1 Bxb3 24. Ne1 Rxf1 25. Rxf1 Be6 26. Nf3 b3 27. Ne1 bxc2 28. Nd2 Nb4 29. Ndf3 Qa6 0-1

[Event "GER-ch U10"]
[Site "Willingen"]
[Date "2006.06.05"]
[Round "5"]
[White "Geise, Maria"]
[Black "Preiss, Vincent"]
[Result "0-1"]
[WhiteElo "942"]
[BlackElo "1289"]
[PlyCount "118"]
[EventDate "2006.06.04"]
[EventType "swiss"]
[EventRounds "11"]
[EventCountry "GER"]
[SourceTitle "EXT 2007"]
[Source "ChessBase"]
[SourceDate "2006.11.23"]
[SourceVersion "1"]
[SourceVersionDate "2006.11.23"]
[SourceQuality "1"]

1. e4 e5 2. Nf3 Nc6 3. Bc4 Bc5 4. c3 Nf6 5. d4 exd4 6. cxd4 Bb4+ 7. Bd2 Nxe4 8. Bxb4 Nxb4 9. Qe2 d5 10. a3 Bf5 11. axb4 dxc4 12. Qxc4 0-0 13. 0-0 c6 14. Nc3 Ng5 15. Ne5 Nh3+ 16. Kh1 Nf4 17. Rg1 Be6 18. d5 Nxd5 19. Nxd5 Bxd5 20. Qg4 Qe7 21. Rge1 Qd6 22. Ra3 Rfe8 23. Rg3 g6 24. Rge3 Re6 25. Nf3 Rae8 26. Rxe6 Rxe6 27. Rxe6 Qxe6 28. Qf4 Bxf3 29. gxf3 Qe1+ 30. Kg2 Kg7 31. Qd4+ Kg8 32. Qxa7 Qxb4 33. Qa2 c5 34. h3 b5 35. Kg3 c4 36. f4 c3 37. bxc3 Qxc3+ 38. Kg4 b4 39. f5 h5+ 40. Kg5 gxf5 41. Qa8+ Kg7 42. Kxf5 Qxh3+ 43. Ke5 Qh2+ 44. Kf5 Qxf2+ 45. Ke5 Qc5+ 46. Kf4 Qc4+ 47. Ke5 Qc3+ 48. Ke4 b3 49. Kd5 Qf3+ 50. Kc4 Qxa8 51. Kxb3 Qc6 52. Kb4 h4 53. Kb3 Qc5 54. Kb2 Qc4 55. Kb1 Qc3 56. Ka2 Qb4 57. Ka1 Kf6 58. Ka2 Ke5 59. Ka1 Kd4 0-1

[Event "GER-ch U10"]
[Site "Willingen"]
[Date "2006.06.04"]
[Round "2"]
[White "Preiss, Vincent"]
[Black "Moehn, Hans"]
[Result "0-1"]
[WhiteElo "1289"]
[BlackElo "1580"]
[PlyCount "80"]
[EventDate "2006.06.04"]
[EventType "swiss"]
[EventRounds "11"]
[EventCountry "GER"]
[SourceTitle "EXT 2007"]
[Source "ChessBase"]
[SourceDate "2006.11.23"]
[SourceVersion "1"]
[SourceVersionDate "2006.11.23"]
[SourceQuality "1"]

1. d4 Nf6 2. Nf3 g6 3. c4 Bg7 4. Nc3 0-0 5. e4 d6 6. Bf4 Nh5 7. Bg3 Nd7 8. Be2 e5 9. d5 f5 10. exf5 Nxg3 11. hxg3 gxf5 12. Qc2 e4 13. Nh4 Ne5 14. f3 exf3 15. gxf3 Qg5 16. Kf2 f4 17. g4 Ng6 18. Ne4 Bd4+ 19. Kg2 Nxh4+ 20. Kf1 Qe7 21. Rd1 Be3 22. Bd3 Rf7 23. g5 Ng6 24. Nf6+ Rxf6 25. gxf6 Qxf6 26. Rh6 Qg5 27. Qh2 Nf8 28. Bxh7+ Nxh7 29. Rxh7 Qg1+ 30. Qxg1+ Bxg1 31. Kxg1 Kxh7 32. Rd4 Bd7 33. Rxf4 Kg7 34. Re4 Re8 35. Rh4 Re2 36. Rh2 Rxh2 37. Kxh2 Kf6 38. Kg2 Bf5 39. Kf2 Bb1 40. a3 Ba2 0-1

[Event "GER-ch U10"]
[Site "Willingen"]
[Date "2006.06.04"]
[Round "1"]
[White "Schumacher, Wendy"]
[Black "Preiss, Vincent"]
[Result "0-1"]
[WhiteElo "880"]
[BlackElo "1289"]
[PlyCount "98"]
[EventDate "2006.06.04"]
[EventType "swiss"]
[EventRounds "11"]
[EventCountry "GER"]
[SourceTitle "EXT 2007"]
[Source "ChessBase"]
[SourceDate "2006.11.23"]
[SourceVersion "1"]
[SourceVersionDate "2006.11.23"]
[SourceQuality "1"]

1. e4 e5 2. Nf3 Nc6 3. b3 Bc5 4. Qe2 Nf6 5. Bb2 d6 6. h3 0-0 7. c3 d5 8. d4 exd4 9. Nxd4 Nxd4 10. cxd4 Re8 11. f3 dxe4 12. fxe4 Rxe4 13. dxc5 Rxe2+ 14. Bxe2 Ne4 15. 0-0 Ng3 16. Rf2 Nxe2+ 17. Rxe2 Bf5 18. Nd2 Bd3 19. Re3 c6 20. Rae1 f6 21. Re8+ Qxe8 22. Rxe8+ Rxe8 23. g4 Re1+ 24. Nf1 Rxf1+ 25. Kg2 Re1 26. Bc3 Re2+ 27. Kf3 Rxa2 28. Ke3 Bc2 29. b4 Ra3 30. Kd2 Be4 31. Bb2 Rxh3 32. g5 fxg5 33. Bc1 Rd3+ 34. Ke2 Rb3 35. Bd2 Rb2 36. Ke3 Rxd2 37. Kxd2 g4 38. Ke3 g3 39. Kxe4 g2 40. Ke5 g1Q 41. Kd6 Qd4+ 42. Kc7 Qxb4 43. Kb8 b6 44. Kxa7 bxc5 45. Ka6 c4 46. Ka7 c3 47. Ka6 c2 48. Ka7 c1Q 49. Ka6 Qa1# 0-1